书目信息 |
| 题名: |
巴赫女高音康塔塔咏叹调23首
|
|
| 作者: | 巴赫 作曲 ;贾棣然 译配 | |
| 分册: | ||
| 出版信息: | 合肥 安徽文艺出版社 2011.01 |
|
| 页数: | 171页 | |
| 开本: | 30cm | |
| 丛书名: | 世界音乐大师声乐经典系列 | |
| 单 册: | ||
| 中图分类: | J652.5(516) | |
| 科图分类: | ||
| 主题词: | 女高音--咏叹调--作品集--德国--近代 , 女高音 , 咏叹调 | |
| 电子资源: | ||
| ISBN: | 978-7-5396-3553-8 | |
| 000 | 01219oam2 2200325 450 | |
| 001 | 010050005397 | |
| 005 | 20120419161502.29 | |
| 010 | @a978-7-5396-3553-8@dCNY35.00(含光盘) | |
| 100 | @a20110422d2011 em y0chiy50 ea | |
| 101 | 0 | @achi |
| 102 | @aCN@b340000 | |
| 105 | @ag z 000yy | |
| 106 | @ar | |
| 200 | 1 | @a巴赫女高音康塔塔咏叹调23首@9ba he nu^ gao yin kang ta ta yong tan diao 23 shou@f贾棣然译配 |
| 210 | @a合肥@c安徽文艺出版社@d2011.01 | |
| 215 | @a171页@d30cm@e1光盘 | |
| 225 | 2 | @a世界音乐大师声乐经典系列 |
| 307 | @a附光盘:ISBN 978-7-89991-214-0 | |
| 312 | @a封面英文题名:Bach's 23 cantata arias for soprano | |
| 330 | @a本书按照女高音、女低音、男低音以及男高音四个声部,在巴赫存世的近200余部康塔塔及个别著名的弥撒曲中,分别选编了各声部最具代表性的一些独唱段落及咏叹调。 | |
| 461 | 0 | @12001 @a世界音乐大师声乐经典系列 |
| 510 | 1 | @aBach's 23 cantata arias for soprano@zeng |
| 606 | 0 | @a女高音@x咏叹调@x作品集@y德国@z近代 |
| 606 | 0 | @a女高音 |
| 606 | 0 | @a咏叹调 |
| 690 | @aJ652.5(516)@v4 | |
| 701 | 0 | @a巴赫@9ba he@c(Bach, Johann Sebastian@f1685-1750)@4作曲 |
| 702 | 0 | @a贾棣然@9jia di ran@4译配 |
| 801 | 0 | @aCN@bRENTIAN@c20110422 |
| 905 | @b537834-40@dJ652.5(516)@e538@f7 | |
| 巴赫女高音康塔塔咏叹调23首/贾棣然译配.-合肥:安徽文艺出版社,2011.01 |
| 171页;30cm+1光盘.-(世界音乐大师声乐经典系列) |
| ISBN 978-7-5396-3553-8:CNY35.00(含光盘) |
| 本书按照女高音、女低音、男低音以及男高音四个声部,在巴赫存世的近200余部康塔塔及个别著名的弥撒曲中,分别选编了各声部最具代表性的一些独唱段落及咏叹调。 |
| ● |
| 相关链接 |
|
|
|
|
正题名:巴赫女高音康塔塔咏叹调23首
索取号:J652.5(516)/538
 
预约/预借
| 序号 | 登录号 | 条形码 | 馆藏地/架位号 | 状态 | 备注 |
| 1 | 537834 | 205378349 | 第一样本阅览室/ [索取号:J652.5(516)/538] | 在馆 | |
| 2 | 537835 | 205378358 | 第一借阅区/ [索取号:J652.5(516)/538] | 在馆 | |
| 3 | 537836 | 205378367 | 第一借阅区/ [索取号:J652.5(516)/538] | 在馆 | |
| 4 | 537837 | 205378376 | 第一借阅区/ [索取号:J652.5(516)/538] | 在馆 | |
| 5 | 537838 | 205378385 | 第一借阅区/ [索取号:J652.5(516)/538] | 在馆 | |
| 6 | 537839 | 205378394 | 第一借阅区/ [索取号:J652.5(516)/538] | 在馆 | |
| 7 | 537840 | 205378401 | 第一借阅区/ [索取号:J652.5(516)/538] | 在馆 |